Catálogo
 En Linea

Índice hemero-bibliográfico de Eugenio María de Hostos / (Registro nro. 25846)

Detalles MARC
000 -CABECERA
campo de control de longitud fija 00550nam a2200157 a 4500
001 - NÚMERO DE CONTROL
campo de control 000026354
005 - FECHA Y HORA DE LA ÚLTIMA TRANSACCIÓN
campo de control 20240705073646.0
008 - DATOS DE LONGITUD FIJA--INFORMACIÓN GENERAL
campo de control de longitud fija 110314s1940 dr 000 0 spa d
040 ## - FUENTE DE LA CATALOGACIÓN
Centro catalogador/agencia de origen DO-SdBNP
Lengua de catalogación spa
Centro/agencia transcriptor BNPHU
100 1# - ENTRADA PRINCIPAL--NOMBRE DE PERSONA
Nombre de persona Hostos, Adolfo de
9 (RLIN) 53384
245 10 - MENCIÓN DE TÍTULO
Título Índice hemero-bibliográfico de Eugenio María de Hostos /
Mención de responsabilidad, etc. Adolfo de Hostos.
260 ## - PUBLICACIÓN, DISTRIBUCIÓN, ETC.
Lugar de publicación, distribución, etc. San Juan, Puerto Rico,
Fecha de publicación, distribución, etc. 1940.
300 ## - DESCRIPCIÓN FÍSICA
Extensión 756 P. ;
Dimensiones 23 cm.
500 ## - NOTA GENERAL
Nota general Incluye material inédito, iconografía hostosiana (1863-1940)
600 10 - PUNTO DE ACCESO ADICIONAL DE MATERIA--NOMBRE DE PERSONA
Nombre de persona Hostos, Eugenio María de,
Fechas asociadas al nombre 1839-1903
9 (RLIN) 1352
Existencias
Estado de retiro Estado de pérdida No para préstamo Código de colección Localización permanente Ubicación/localización actual Ubicación en estantería Fecha de adquisición Número de inventario Total de préstamos Signatura topográfica completa Código de barras Fecha visto por última vez Precio válido a partir de Tipo de ítem Koha
    Excluido de préstamo Patrimonio Dominicano General General En catalogación 15.03.2011 LF1   26354-10 25.06.2020 25.06.2020 Libro y Folleto Colección Patrimonio Dominicano

Con tecnología Koha